[Event "MCR senioru 2019 nad 50 let"]
[Site "Pelclovo divadlo, Rychnov n. K"]
[Date "2019.08.13"]
[Round "4"]
[White "Gabriel, Jan"]
[Black "Kolibik, Jan"]
[Result "1/2-1/2"]
[WhiteElo "1910"]
[BlackElo "1565"]
[PlyCount "124"]
[EventDate "2019.08.10"]

1. e4 e6 2. d4 d5 3. exd5 exd5 4. Nf3 Nf6 5. Bd3 Be7 6. O-O O-O 7. Be3 Bg4 8.
Nbd2 Nbd7 9. c3 c5 10. Qc2 c4 11. Bf5 Re8 12. Bxg4 Nxg4 13. Bf4 Nf8 14. h3 Nf6
15. Ne5 g6 16. Rae1 Nh5 17. Bh2 Bf6 18. Ng4 Bg7 19. Nf3 Ne6 20. Qd2 Nf6 21.
Nxf6+ Bxf6 22. Ne5 Bg7 23. f4 f6 24. Ng4 h5 25. Ne3 f5 26. Qf2 Nc7 27. Qf3 Qd7
28. Nc2 Rxe1 29. Nxe1 Re8 30. Qg3 Kh7 31. Nf3 Bf6 32. Ne5 Qg7 33. Qf3 Bxe5 34.
fxe5 Re6 35. Bf4 Qd7 36. Bg5 Qf7 37. g4 hxg4 38. hxg4 Kg8 39. Kg2 Ra6 40. a3
Rb6 41. Rf2 Ne6 42. Bf6 Ng7 43. gxf5 Nxf5 44. Qf4 Qh7 45. Kg1 Qh5 46. Rh2 Qd1+
47. Qf1 Qxf1+ 48. Kxf1 Ng3+ 49. Kg2 Nh5 50. Bg5 Rxb2+ 51. Kh3 Rxh2+ 52. Kxh2
Kf7 53. Kh3 Ng7 54. Kg4 Ne6 55. Bf6 Ke8 56. Bh4 Kd7 57. Kf3 Kc6 58. Be7 Kb5 59.
Ke3 Ka4 60. Bc5 b6 61. Bd6 Kb3 62. Kd2 Ka4 1/2-1/2

[Event "MCR senioru 2019 nad 50 let"]
[Site "Pelclovo divadlo, Rychnov n. K"]
[Date "2019.08.13"]
[Round "4"]
[White "Lorencova, Jitka"]
[Black "Vorel, Bohuslav"]
[Result "0-1"]
[WhiteElo "1368"]
[BlackElo "1491"]
[PlyCount "80"]
[EventDate "2019.08.10"]

1. e4 c5 2. d3 d6 3. g3 Nf6 4. Bg2 g6 5. f4 Bg7 6. c3 O-O 7. Nf3 Nc6 8. Na3 Rb8
9. Nc2 Bd7 10. Be3 Ng4 11. Bd2 Nf6 12. h3 Qc7 13. g4 e6 14. Qe2 b5 15. Kf2 b4
16. Rab1 a5 17. Ne3 bxc3 18. bxc3 Rxb1 19. Rxb1 Rb8 20. Rxb8+ Qxb8 21. Nc4 d5
22. Nce5 Nxe5 23. Nxe5 Be8 24. c4 dxe4 25. dxe4 a4 26. a3 Qd6 27. Nd3 Qd4+ 28.
Qe3 Qxc4 29. Nxc5 Nxg4+ 30. hxg4 Bd4 31. Qxd4 Qxd4+ 32. Be3 Qb2+ 33. Kf3 Qxa3
34. Ke2 Qc3 35. e5 a3 36. Ne4 Qc4+ 37. Kf2 a2 38. Nf6+ Kf8 39. Nxh7+ Ke7 40.
Nf6 a1=Q 0-1

[Event "MCR senioru 2019 nad 60 let"]
[Site "Pelclovo divadlo, Rychnov n. K"]
[Date "2019.08.13"]
[Round "4"]
[White "Horak, Vladimir"]
[Black "Bartos, Alois"]
[Result "1/2-1/2"]
[WhiteElo "1954"]
[BlackElo "1953"]
[PlyCount "108"]
[EventDate "2019.08.10"]

1. d4 Nf6 2. c4 c5 3. d5 e6 4. Nc3 exd5 5. cxd5 d6 6. e4 g6 7. Nf3 Bg4 8. h3
Bxf3 9. Qxf3 a6 10. Bd3 Bg7 11. Bf4 O-O 12. O-O Re8 13. a4 Qc7 14. Rab1 Nbd7
15. Rfc1 Ne5 16. Qd1 Nxd3 17. Qxd3 Nd7 18. b4 Rac8 19. f3 Ne5 20. Qd2 Qd7 21.
Bh6 Bh8 22. bxc5 Rxc5 23. Ne2 Rec8 24. Rxc5 Rxc5 25. Qb4 Rc7 26. Qb3 Qe7 27.
Qb6 Bg7 28. Bxg7 Kxg7 29. Qd4 Kg8 30. Rc1 Rxc1+ 31. Nxc1 Qc7 32. Ne2 Nd7 33.
Kf2 b6 34. g4 Qc5 35. Qxc5 Nxc5 36. Nc3 Kf8 37. Ke3 f6 38. f4 Ke7 39. Kd4 Nd7
40. Nd1 g5 41. fxg5 fxg5 42. Nb2 Nc5 43. e5 dxe5+ 44. Kxe5 Nd7+ 45. Kd4 b5 46.
axb5 axb5 47. Nd3 Kd6 48. Ke4 Nf6+ 49. Kf5 Nxd5 50. Kxg5 Ke6 51. Kh6 Kf6 52. h4
Kf7 53. Kxh7 Nf6+ 54. Kh6 Nxg4+ 1/2-1/2

[Event "MCR senioru 2019 nad 60 let"]
[Site "Pelclovo divadlo, Rychnov n. K"]
[Date "2019.08.13"]
[Round "4"]
[White "Novotny, Josef"]
[Black "Mlynek, Petr"]
[Result "0-1"]
[WhiteElo "1967"]
[BlackElo "2094"]
[PlyCount "46"]
[EventDate "2019.08.10"]

1. e3 g6 2. d3 Bg7 3. Nc3 d5 4. Nf3 e5 5. g3 Ne7 6. Bg2 c5 7. e4 d4 8. Ne2 Nbc6
9. O-O O-O 10. Bd2 Bg4 11. h3 Bxf3 12. Bxf3 b5 13. Bg2 Qd7 14. f4 f5 15. Kh2
Rf7 16. Rf2 Raf8 17. Qh1 Nb4 18. Qd1 fxe4 19. Bxe4 Nbd5 20. c4 bxc4 21. dxc4
Nf6 22. Qh1 Nxe4 23. Qxe4 Qc6 0-1

[Event "MCR senioru 2019 nad 60 let"]
[Site "Pelclovo divadlo, Rychnov n. K"]
[Date "2019.08.13"]
[Round "4"]
[White "Juricek, Stanislav"]
[Black "Papay, Jindrich"]
[Result "0-1"]
[WhiteElo "2048"]
[BlackElo "1943"]
[PlyCount "48"]
[EventDate "2019.08.10"]

1. e4 e5 2. Nf3 f5 3. Nxe5 Qf6 4. d4 d6 5. Nc4 fxe4 6. Ne3 c6 7. c4 g6 8. Nc3
Bg7 9. Nxe4 Qe7 10. Nc3 Nf6 11. Be2 Ne4 12. O-O O-O 13. Qd3 Ng5 14. Bg4 Na6 15.
Bxc8 Raxc8 16. Nc2 Rce8 17. Bd2 Ne6 18. Rae1 Qf6 19. Re4 Nac5 20. Qg3 Nxe4 21.
Nxe4 Qf5 22. Nxd6 Qxc2 23. Nxe8 Rxe8 24. Qc3 Nxd4 0-1

[Event "MCR senioru 2019 nad 60 let"]
[Site "Pelclovo divadlo, Rychnov n. K"]
[Date "2019.08.13"]
[Round "4"]
[White "Brhlik, Antonin"]
[Black "Pospisil, Evzen"]
[Result "0-1"]
[WhiteElo "1624"]
[BlackElo "2040"]
[PlyCount "62"]
[EventDate "2019.08.10"]

1. e4 c5 2. Nf3 d6 3. d4 cxd4 4. Nxd4 Nf6 5. Nc3 g6 6. Be3 Bg7 7. f3 O-O 8. Qd2
Nc6 9. Bc4 Bd7 10. Nde2 a6 11. h4 b5 12. Bb3 h5 13. O-O-O Ne5 14. Bh6 a5 15.
Bxg7 Kxg7 16. a3 b4 17. axb4 axb4 18. Nb1 Qa5 19. Qd4 Rfc8 20. Nf4 Ba4 21. Bxa4
Qxa4 22. Rd2 Qa2 23. Nd3 Rc4 24. Qe3 Nxd3+ 25. Qxd3 Rac8 26. Re1 Nd7 27. Re3
Nc5 28. Qe2 Qb3 29. Nc3 Rxc3 30. bxc3 Qa3+ 31. Kb1 bxc3 0-1

[Event "MCR senioru 2019 nad 60 let"]
[Site "Pelclovo divadlo, Rychnov n. K"]
[Date "2019.08.13"]
[Round "4"]
[White "Urban, Zdenek"]
[Black "Kylar, Miroslav"]
[Result "1-0"]
[WhiteElo "2115"]
[BlackElo "1935"]
[PlyCount "63"]
[EventDate "2019.08.10"]

1. d4 d5 2. c4 e6 3. Nf3 Nf6 4. Nc3 Nbd7 5. Bg5 Be7 6. e3 h6 7. Bh4 O-O 8. Rc1
e5 9. cxd5 exd4 10. Nxd4 Nxd5 11. Bxe7 Nxe7 12. Be2 a6 13. O-O Nf6 14. Bf3 c5
15. Nb3 Qb6 16. Na4 Qb4 17. Nbxc5 Rb8 18. a3 Qh4 19. Nb6 Bf5 20. e4 Rfd8 21.
Qe2 Bd7 22. g3 Qg5 23. h4 Qg6 24. Bh5 Qh7 25. Qc4 g6 26. Be2 Nc8 27. Ncxd7 Nxd7
28. Nxd7 Rxd7 29. Rfd1 Nd6 30. Qc5 Rc8 31. Qxc8+ Nxc8 32. Rxc8+ 1-0

[Event "MCR senioru 2019 nad 60 let"]
[Site "Pelclovo divadlo, Rychnov n. K"]
[Date "2019.08.13"]
[Round "4"]
[White "Becvar, Miroslav"]
[Black "Novotny, Jaroslav"]
[Result "1/2-1/2"]
[WhiteElo "1850"]
[BlackElo "1965"]
[PlyCount "35"]
[EventDate "2019.08.10"]

1. d4 Nf6 2. Nf3 d5 3. g3 h6 4. Bg2 Bf5 5. O-O e6 6. Nbd2 Nbd7 7. c3 Bd6 8. Re1
g5 9. c4 c6 10. b3 Ne4 11. Nxe4 Bxe4 12. Nd2 Bxg2 13. Kxg2 f5 14. f3 Qf6 15. e4
dxe4 16. fxe4 Qxd4 17. Rb1 O-O 18. Bb2 1/2-1/2

[Event "MCR senioru 2019 nad 60 let"]
[Site "Pelclovo divadlo, Rychnov n. K"]
[Date "2019.08.13"]
[Round "4"]
[White "Marinov, Peter"]
[Black "Vagner, Ladislav"]
[Result "1/2-1/2"]
[WhiteElo "1815"]
[BlackElo "1951"]
[PlyCount "89"]
[EventDate "2019.08.10"]

1. d4 d5 2. e3 Nf6 3. Bd3 Bg4 4. f3 Bd7 5. c3 Nc6 6. f4 e6 7. Nd2 Bd6 8. Ngf3
Ne7 9. Ne5 c5 10. O-O c4 11. Bc2 b5 12. a3 O-O 13. Rf3 g6 14. Rh3 Nf5 15. g4
Ng7 16. Qf3 Rc8 17. e4 Bxe5 18. fxe5 Nxe4 19. Nxe4 dxe4 20. Bxe4 f5 21. exf6
Qxf6 22. Qg2 e5 23. Be3 exd4 24. Bxd4 Qg5 25. Re1 Rce8 26. Rhe3 a6 27. Bd5+ Be6
28. Re5 Qf4 29. Bc5 Rf7 30. h3 Rc8 31. Bd4 Bxd5 32. Qxd5 Qg3+ 33. Qg2 Qxg2+ 34.
Kxg2 h6 35. Re7 Rc6 36. h4 Rxe7 37. Rxe7 Ne6 38. Be5 g5 39. hxg5 hxg5 40. Kf3
Kf8 41. Ra7 Nc5 42. Rg7 Ne6 43. Rg6 Nd4+ 44. cxd4 Rxg6 45. Ke4 1/2-1/2

[Event "MCR senioru 2019 nad 60 let"]
[Site "Pelclovo divadlo, Rychnov n. K"]
[Date "2019.08.13"]
[Round "4"]
[White "Rehak, Jiri"]
[Black "Marek, Jiri"]
[Result "0-1"]
[WhiteElo "1812"]
[BlackElo "1920"]
[PlyCount "86"]
[EventDate "2019.08.10"]

1. d4 Nf6 2. Bf4 c5 3. dxc5 Nc6 4. e3 e5 5. Bg5 Bxc5 6. Bc4 Qb6 7. Bb3 Na5 8.
Nd2 Nxb3 9. Nxb3 Ne4 10. Bh4 Bb4+ 11. c3 Nxc3 12. bxc3 Bxc3+ 13. Kf1 Bxa1 14.
Qxa1 Qb5+ 15. Ne2 O-O 16. Bg3 f6 17. Qd1 d5 18. h3 Be6 19. Kg1 Rac8 20. Kh2 a5
21. Qd2 a4 22. Nbc1 Rfd8 23. a3 Qc5 24. Qb2 b5 25. Rd1 Qc2 26. Rd2 Qxb2 27.
Rxb2 Rc5 28. Nd3 Rc4 29. Nb4 Rd7 30. f3 d4 31. exd4 exd4 32. Rd2 Bf5 33. Nd3
Rc3 34. Nb4 Rxa3 35. Rxd4 Rb3 36. Nc6 a3 37. Nc1 Rc3 38. Rxd7 Bxd7 39. Ne7+ Kf7
40. Na2 Rb3 41. Nd5 Be6 42. Ndc3 Rb2 43. Bd6 Bxa2 0-1

[Event "MCR senioru 2019 nad 60 let"]
[Site "Pelclovo divadlo, Rychnov n. K"]
[Date "2019.08.13"]
[Round "4"]
[White "Lepik, Jaroslav"]
[Black "Pavlis, Jaromir"]
[Result "1-0"]
[WhiteElo "1794"]
[BlackElo "1907"]
[PlyCount "67"]
[EventDate "2019.08.10"]

1. c4 Nf6 2. Nc3 d5 3. cxd5 Nxd5 4. g3 Nxc3 5. bxc3 g6 6. Bg2 c6 7. Bb2 Bg7 8.
Rb1 O-O 9. c4 Bxb2 10. Rxb2 Nd7 11. Nf3 Qc7 12. O-O Ne5 13. Nxe5 Qxe5 14. d4
Qc7 15. e4 b6 16. f4 e6 17. g4 f5 18. gxf5 exf5 19. e5 Bb7 20. Qb3 Kh8 21. Rc1
Rad8 22. Qe3 Qe7 23. Rd2 Rfe8 24. d5 cxd5 25. cxd5 Rc8 26. Rdc2 Rxc2 27. Rxc2
Qd7 28. e6 Qd6 29. Qc3+ Kg8 30. Qc7 Qe7 31. Qe5 Bc8 32. Rc7 Qf8 33. e7 Qg7 34.
d6 1-0

[Event "MCR senioru 2019 nad 60 let"]
[Site "Pelclovo divadlo, Rychnov n. K"]
[Date "2019.08.13"]
[Round "4"]
[White "Banoci, Jaroslav"]
[Black "Vlachopulos, Georgis"]
[Result "1-0"]
[WhiteElo "1790"]
[BlackElo "1900"]
[PlyCount "92"]
[EventDate "2019.08.10"]

1. d4 c6 2. e4 d6 3. f4 Nf6 4. Bd3 e5 5. c3 Qc7 6. Nf3 Bg4 7. O-O Nbd7 8. a4 a5
9. Na3 Be7 10. Qe1 Bxf3 11. Rxf3 exd4 12. cxd4 Qb6 13. Be3 d5 14. e5 Ng4 15.
Bf5 Nxe3 16. Qxe3 Nf8 17. Rd1 g6 18. Bc2 Ne6 19. Kh1 Qxb2 20. f5 Ng5 21. Rb1
Qxa3 22. Qxa3 Bxa3 23. Rxa3 O-O-O 24. Re3 Rd7 25. Kg1 Kd8 26. g4 gxf5 27. gxf5
Rg8 28. Kf2 f6 29. h4 Ne4+ 30. Bxe4 dxe4 31. Rxe4 fxe5 32. dxe5 Ke7 33. Kf3 h5
34. Rb3 Rg1 35. Re2 Rf1+ 36. Rf2 Re1 37. Re2 Rh1 38. Rg2 Rf1+ 39. Ke4 Re1+ 40.
Re3 Ra1 41. Rg7+ Ke8 42. Rxd7 Kxd7 43. Rd3+ Ke7 44. f6+ Ke8 45. e6 Rxa4+ 46.
Kf5 Rb4 1-0

[Event "MCR senioru 2019 nad 70 a 80 let"]
[Site "Pelclovo divadlo, Rychnov n. K"]
[Date "2019.08.13"]
[Round "4"]
[White "Trojan, Lubos"]
[Black "Haderka, Karel"]
[Result "1-0"]
[WhiteElo "1955"]
[BlackElo "1817"]
[PlyCount "137"]
[EventDate "2019.08.10"]

1. d4 d5 2. Nf3 Nf6 3. Bf4 g6 4. e3 Bg7 5. h3 O-O 6. Bd3 Nbd7 7. Nbd2 c5 8. c3
c4 9. Bc2 b5 10. a4 Qb6 11. axb5 Qxb5 12. Ra2 Nb6 13. Qa1 a5 14. O-O Bf5 15.
Bxf5 gxf5 16. Qb1 e6 17. Qc2 a4 18. Rfa1 Nfd7 19. g4 fxg4 20. hxg4 f5 21. Kg2
Qc6 22. Rh1 Nf6 23. gxf5 Ne4 24. fxe6 Qxe6 25. Nxe4 dxe4 26. Nh2 Rf6 27. Qe2
Rg6+ 28. Bg3 Rf8 29. Raa1 Qf5 30. Rag1 Kh8 31. Kf1 Nd5 32. Ke1 a3 33. bxa3 Nxc3
34. Qd2 Nb1 35. Qb2 c3 36. Qxb1 Rxg3 37. Qc2 Rxg1+ 38. Rxg1 Qa5 39. a4 Rb8 40.
Kf1 Rb2 41. Qxe4 Qa6+ 42. Kg2 Qxa4 43. Ra1 Ra2 44. Rxa2 Qxa2 45. Qc6 Qg8 46.
Kf1 Qb3 47. Qc8+ Qg8 48. Qxg8+ Kxg8 49. Ke2 Bf8 50. Kd3 Bb4 51. f4 Kf7 52. Nf3
Kf6 53. e4 h5 54. d5 Ba5 55. e5+ Kf5 56. d6 Bb4 57. d7 Be7 58. Ke3 h4 59. Nd4+
Kg4 60. f5 h3 61. f6 h2 62. fxe7 h1=Q 63. e8=Q Qh3+ 64. Ke2 Qg2+ 65. Kd3 Qf1+
66. Kc2 Qf2+ 67. Kxc3 Qe3+ 68. Kc4 Qc1+ 69. Kd5 1-0

[Event "MCR senioru 2019 nad 70 a 80 let"]
[Site "Pelclovo divadlo, Rychnov n. K"]
[Date "2019.08.13"]
[Round "4"]
[White "Jacek, Miloslav"]
[Black "Zikmund, Jaroslav"]
[Result "1-0"]
[WhiteElo "1941"]
[BlackElo "1803"]
[PlyCount "131"]
[EventDate "2019.08.10"]

1. e4 c5 2. Nf3 d6 3. c3 Nc6 4. d4 cxd4 5. cxd4 e6 6. Nc3 d5 7. exd5 exd5 8.
Bb5 a6 9. Ba4 b5 10. Bb3 Bb4 11. O-O Bxc3 12. bxc3 Nge7 13. a4 Be6 14. axb5
axb5 15. Rxa8 Qxa8 16. Re1 h6 17. Qd3 b4 18. cxb4 Nxb4 19. Qb5+ Nbc6 20. Bxd5
Bxd5 21. Qxd5 O-O 22. Qe4 Rd8 23. h3 Qa4 24. Be3 Nd5 25. Rc1 Ncb4 26. Qg4 Nf6
27. Qh4 Nbd5 28. Kh2 Qa3 29. Re1 Re8 30. Ne5 Qb4 31. Nf3 Qc3 32. Bd2 Qc7+ 33.
Qg3 Qxg3+ 34. Kxg3 Ne4+ 35. Kh2 Re6 36. Be3 Nd6 37. Bc1 Rxe1 38. Nxe1 g5 39.
Nc2 Kg7 40. g3 Kg6 41. Kg2 f5 42. Kf3 h5 43. Ba3 Nc4 44. Bc5 Nd2+ 45. Ke2 Ne4
46. Ne3 Ndc3+ 47. Kd3 Na4 48. Kc4 Nb2+ 49. Kb3 Nd3 50. Kc4 Ndxf2 51. d5 f4 52.
gxf4 gxf4 53. Nf1 Nxh3 54. d6 Nf6 55. Bd4 Nd7 56. Kd5 Kf7 57. Nh2 Ng5 58. Bb2
f3 59. Bc1 Nh7 60. Nxf3 Nhf6+ 61. Kc6 Ke6 62. Bf4 Nd5 63. Nd4+ Kf7 64. Kxd5 Ke8
65. Bg5 Nb6+ 66. Kc6 1-0

[Event "MCR senioru 2019 nad 70 a 80 let"]
[Site "Pelclovo divadlo, Rychnov n. K"]
[Date "2019.08.13"]
[Round "4"]
[White "Kotva, Milan"]
[Black "Papan, Cyril"]
[Result "1-0"]
[WhiteElo "1862"]
[BlackElo "1932"]
[PlyCount "61"]
[EventDate "2019.08.10"]

1. e4 c5 2. Nf3 Nc6 3. d4 cxd4 4. Nxd4 e5 5. Nb5 d6 6. N1c3 a6 7. Na3 b5 8. Nd5
Nce7 9. c4 b4 10. Nxb4 Nf6 11. Bd3 Rb8 12. Nac2 a5 13. Nd5 Nfxd5 14. cxd5 f5
15. O-O f4 16. a4 g5 17. Qh5+ Ng6 18. Bb5+ Kf7 19. b4 Be7 20. bxa5 Qxa5 21. Ba3
Qc7 22. Nb4 Bb7 23. Rfc1 Qd8 24. Nc6 Bxc6 25. Rxc6 Rb6 26. Rac1 Rxc6 27. dxc6
Qc7 28. Qh3 Kg7 29. Qd7 Qxd7 30. cxd7 Rd8 31. Rc8 1-0

[Event "MCR senioru 2019 nad 70 a 80 let"]
[Site "Pelclovo divadlo, Rychnov n. K"]
[Date "2019.08.13"]
[Round "4"]
[White "Most, Zdenek"]
[Black "Slizek, Josef"]
[Result "0-1"]
[WhiteElo "2008"]
[BlackElo "1935"]
[PlyCount "28"]
[EventDate "2019.08.10"]

1. d4 d5 2. Nf3 Nf6 3. g3 g6 4. c4 Bg7 5. Bg2 O-O 6. O-O dxc4 7. Na3 c6 8. Nxc4
Nbd7 9. a4 Nb6 10. Nfe5 Nxc4 11. Nxc4 Be6 12. b3 Bd5 13. f3 Ne8 14. Bb2 Be6 {
dále zápis nečitelný} 0-1

[Event "MCR senioru 2019 nad 70 a 80 let"]
[Site "Pelclovo divadlo, Rychnov n. K"]
[Date "2019.08.13"]
[Round "4"]
[White "Briza, Jiri"]
[Black "Jablecnik, Gustav"]
[Result "0-1"]
[WhiteElo "1884"]
[BlackElo "2006"]
[PlyCount "90"]
[EventDate "2019.08.10"]

1. e4 e5 2. Nf3 Nc6 3. Bb5 a6 4. Ba4 Nf6 5. Nc3 b5 6. Bb3 Be7 7. O-O d6 8. h3
Na5 9. d4 exd4 10. Nd5 Nxb3 11. axb3 c5 12. c4 Nxd5 13. exd5 bxc4 14. bxc4 O-O
15. Bd2 Rb8 16. Ba5 Qd7 17. Qd2 Bd8 18. b4 Bxa5 19. bxa5 Qf5 20. Rfe1 Bd7 21.
Re7 Rb1+ 22. Rxb1 Qxb1+ 23. Kh2 Ba4 24. Ra7 Bb3 25. Rxa6 Bxc4 26. Rb6 Qf5 27.
a6 Bxd5 28. a7 Qd7 29. Qa5 Qc7 30. Nxd4 Ba8 31. Nb5 Qd8 32. Nxd6 Qg5 33. f3
Qf4+ 34. Kg1 Qe3+ 35. Kf1 Qd3+ 36. Ke1 Qe3+ 37. Kd1 c4 38. Nxc4 Qd4+ 39. Nd2
Qg1+ 40. Kc2 Rc8+ 41. Kb3 Bd5+ 42. Ka4 Qa1+ 43. Kb4 Qb2+ 44. Ka4 Qa2+ 45. Kb5
Bc4+ 0-1

[Event "MCR senioru 2019 nad 70 a 80 let"]
[Site "Pelclovo divadlo, Rychnov n. K"]
[Date "2019.08.13"]
[Round "4"]
[White "Pilar, Miloslav"]
[Black "Sedlacek, Jan"]
[Result "1/2-1/2"]
[WhiteElo "2078"]
[BlackElo "1827"]
[PlyCount "42"]
[EventDate "2019.08.10"]

1. d4 Nf6 2. Nf3 e6 3. c4 b6 4. g3 Bb7 5. Bg2 Be7 6. O-O O-O 7. Nc3 Ne4 8. Nxe4
Bxe4 9. Bd2 Bf6 10. Bc3 d6 11. Qd2 Qe7 12. Rfd1 Rd8 13. Rac1 Nd7 14. Ne1 Bxg2
15. Nxg2 c5 16. d5 Bxc3 17. Rxc3 e5 18. e4 Rf8 19. a3 f5 20. exf5 Rxf5 21. Qe2
Qf7 1/2-1/2

[Event "MCR senioru 2019 nad 70 a 80 let"]
[Site "Pelclovo divadlo, Rychnov n. K"]
[Date "2019.08.13"]
[Round "4"]
[White "Just, Pavel"]
[Black "Klimes, Jiri"]
[Result "1-0"]
[WhiteElo "1981"]
[BlackElo "1869"]
[PlyCount "61"]
[EventDate "2019.08.10"]

1. e4 e5 2. Nf3 Nc6 3. Bb5 Nf6 4. O-O Be7 5. d3 d6 6. Bxc6+ bxc6 7. h3 Rb8 8.
Nbd2 Ba6 9. Re1 c5 10. b3 O-O 11. Nf1 c6 12. Ng3 Re8 13. Be3 Bc8 14. Qc1 Bf8
15. Qa3 Rb7 16. Rad1 d5 17. Bxc5 Bxc5 18. Qxc5 Rb5 19. Qa3 d4 20. Nd2 h5 21.
Nc4 c5 22. Qxa7 h4 23. Nf5 Bxf5 24. exf5 Nd5 25. a4 Qg5 26. Rxe5 Nf4 27. Rxe8+
Kh7 28. Qa8 Nxh3+ 29. Kf1 Qxf5 30. Rh8+ Kg6 31. Qe4 1-0

[Event "MCR senioru 2019 nad 70 a 80 let"]
[Site "Pelclovo divadlo, Rychnov n. K"]
[Date "2019.08.13"]
[Round "4"]
[White "Glembek, Bohumir"]
[Black "Volf, Jaroslav"]
[Result "1/2-1/2"]
[WhiteElo "1765"]
[BlackElo "1977"]
[PlyCount "36"]
[EventDate "2019.08.10"]

1. d4 b6 2. c4 Bb7 3. Nc3 e6 4. e4 Ne7 5. f4 d6 6. Nf3 Nd7 7. Bd3 c5 8. d5 Ng6
9. O-O Be7 10. Bc2 O-O 11. Re1 exd5 12. exd5 Re8 13. Bd2 Bf6 14. g3 Ba6 15. Bd3
Rxe1+ 16. Qxe1 Ndf8 17. Rb1 Bc8 18. Ne4 Be7 1/2-1/2

[Event "MCR senioru 2019 nad 70 a 80 let"]
[Site "Pelclovo divadlo, Rychnov n. K"]
[Date "2019.08.13"]
[Round "4"]
[White "Vlacil, Vladimir"]
[Black "Splitek, Lubos"]
[Result "1-0"]
[WhiteElo "1930"]
[BlackElo "1751"]
[PlyCount "67"]
[EventDate "2019.08.10"]

1. e4 c5 2. Nc3 Nc6 3. g3 d6 4. Bg2 g6 5. d3 Bg7 6. Be3 e6 7. Qd2 Nge7 8. f4 f5
9. Nf3 Rb8 10. e5 b6 11. exd6 Qxd6 12. O-O O-O 13. Rab1 Nd5 14. Nxd5 exd5 15.
d4 c4 16. Ne5 Bb7 17. c3 b5 18. Bf3 a5 19. Qg2 Nd8 20. Rfe1 Nf7 21. Bd2 Ba8 22.
Re2 Nh6 23. Rbe1 Kh8 24. Qh3 Ng8 25. Bh1 b4 26. Nf3 Nf6 27. Ng5 h6 28. Re6 Qd8
29. Re7 Kg8 30. Rxg7+ Kxg7 31. Ne6+ Kh7 32. Nxd8 Ne4 33. Ne6 Nxd2 34. Nxf8+ 1-0

[Event "MCR senioru 2019 nad 70 a 80 let"]
[Site "Pelclovo divadlo, Rychnov n. K"]
[Date "2019.08.13"]
[Round "4"]
[White "Pokorny, Jan"]
[Black "Fiser, Jiri"]
[Result "0-1"]
[WhiteElo "1874"]
[BlackElo "1918"]
[PlyCount "60"]
[EventDate "2019.08.10"]

1. d4 f5 2. e3 Nf6 3. b3 b6 4. Qf3 d5 5. Bd3 e6 6. Ne2 Bd6 7. Bb2 O-O 8. Nd2
Bd7 9. c4 c6 10. Nc3 Be8 11. Qe2 Bh5 12. f3 Nbd7 13. O-O-O Qe7 14. h3 Ne4 15.
Nf1 Ba3 16. Qc2 Nxc3 17. Qxc3 Bxb2+ 18. Kxb2 e5 19. g4 Bg6 20. gxf5 Bxf5 21.
Bxf5 Rxf5 22. Nd2 exd4 23. Qxd4 Re8 24. e4 c5 25. Qd3 dxe4 26. fxe4 Rf2 27.
Rhf1 Rxf1 28. Rxf1 Nf6 29. Rf5 g6 30. Rf4 Qe5+ 0-1

[Event "MCR senioru 2019 nad 50 let"]
[Site "Pelclovo divadlo, Rychnov n. K."]
[Date "2019.08.14"]
[Round "5"]
[White "Kalousek, Vladimir"]
[Black "Pelikan, Jaromir"]
[Result "1/2-1/2"]
[WhiteElo "1979"]
[BlackElo "1760"]
[EventDate "2019.08.10"]
[PlyCount "53"]

1. d4 Nf6 2. c4 g6 3. Nc3 d5 4. Nf3 Bg7 5. Qb3 dxc4 6. Qxc4 O-O 7. e4 Nc6 8.
Be2 Nd7 9. Be3 Nb6 10. Qd3 Bg4 11. Rd1 e6 12. O-O Qe7 13. e5 Bxf3 14. Bxf3 Nb4
15. Qd2 Nc4 16. Qe2 Nxe3 17. Qxe3 c6 18. g3 a6 19. h4 Nd5 20. Bxd5 cxd5 21. h5
g5 22. h6 Bxh6 23. Kg2 Bg7 24. Rh1 h6 25. Rh5 f5 26. exf6 Qxf6 27. Rhh1 1/2-1/2

[Event "MCR senioru 2019 nad 50 let"]
[Site "Pelclovo divadlo, Rychnov n. K"]
[Date "2019.08.14"]
[Round "5"]
[White "Blazek, Tomas"]
[Black "Portes, Pavel"]
[Result "1-0"]
[WhiteElo "1910"]
[BlackElo "1612"]
[PlyCount "83"]
[EventDate "2019.08.10"]

1. d4 Nf6 2. Nf3 d5 3. Bf4 g6 4. e3 Bg7 5. c4 O-O 6. Nc3 c6 7. Be2 Nbd7 8. O-O
Ne4 9. Nxe4 dxe4 10. Ng5 Nf6 11. Be5 h6 12. Bxf6 Bxf6 13. Nxe4 Bg7 14. Bf3 Bf5
15. Nc5 Qc7 16. Bg4 Bxg4 17. Qxg4 Rad8 18. Rfd1 b6 19. Na6 Qb7 20. Nb4 c5 21.
Nd5 e6 22. Nc3 cxd4 23. exd4 Qc7 24. b3 Rd7 25. Rac1 Rfd8 26. g3 Rxd4 27. Rxd4
Rxd4 28. Qf3 Qd7 29. Nb5 Rd2 30. Qa8+ Kh7 31. Qxa7 Qxa7 32. Nxa7 Bd4 33. Rf1
Rxa2 34. Nc6 Bc3 35. Rb1 e5 36. b4 e4 37. c5 bxc5 38. b5 Bb2 39. b6 c4 40. b7
c3 41. b8=Q c2 42. Rf1 1-0

[Event "MCR senioru 2019 nad 50 let"]
[Site "Pelclovo divadlo, Rychnov n. K."]
[Date "2019.08.14"]
[Round "5"]
[White "Vorackova, Jarmila"]
[Black "Pribyl, Rene"]
[Result "1/2-1/2"]
[WhiteElo "1832"]
[BlackElo "1991"]
[EventDate "2019.08.10"]
[PlyCount "38"]

1. d4 d5 2. c4 e6 3. Nc3 Nf6 4. cxd5 exd5 5. Bg5 c6 6. Qc2 Bg4 7. Nf3 Bxf3 8.
gxf3 Nbd7 9. e4 Be7 10. O-O-O dxe4 11. fxe4 Nd5 12. Bxe7 Nxe7 13. Rg1 g6 14. f4
Qc7 15. Qf2 O-O-O 16. Kb1 Kb8 17. e5 f5 18. Bc4 Nb6 19. Bb3 Nbd5 1/2-1/2

[Event "MCR senioru 2019 nad 50 let"]
[Site "Pelclovo divadlo, Rychnov n. K."]
[Date "2019.08.14"]
[Round "5"]
[White "Langr, Petr"]
[Black "Gabriel, Jan"]
[Result "0-1"]
[WhiteElo "1533"]
[BlackElo "1910"]
[EventDate "2019.08.10"]
[PlyCount "50"]

1. d4 Nf6 2. c4 e6 3. Bg5 Be7 4. e3 b6 5. Nf3 Bb7 6. Bd3 d6 7. Nbd2 Nbd7 8. Qc2
h6 9. Bh4 c5 10. O-O Rc8 11. Qd1 cxd4 12. exd4 d5 13. Ne5 dxc4 14. Bxc4 O-O 15.
f4 Nd5 16. Bxe7 Nxe7 17. Rc1 Nf5 18. Qe2 Nxd4 19. Qf2 Nxe5 20. fxe5 Nf5 21.
Rfd1 Qg5 22. Nf3 Bxf3 23. Qxf3 Rcd8 24. Re1 Rd2 25. b4 Nh4 *

[Event "MCR senioru 2019 nad 50 let"]
[Site "Pelclovo divadlo, Rychnov n. K"]
[Date "2019.08.14"]
[Round "5"]
[White "Kolibik, Jan"]
[Black "Vorel, Bohuslav"]
[Result "1/2-1/2"]
[WhiteElo "1565"]
[BlackElo "1491"]
[PlyCount "105"]
[EventDate "2019.08.10"]

1. Nf3 d5 2. d4 Nf6 3. c4 e6 4. Nc3 Be7 5. e3 O-O 6. Qc2 a6 7. b3 c6 8. Bd3 h6
9. O-O Nbd7 10. Bb2 c5 11. cxd5 cxd4 12. Nxd4 Nxd5 13. Nxd5 exd5 14. Nf3 Nc5
15. Bh7+ Kh8 16. Bf5 Ne4 17. Bxe4 dxe4 18. Qxe4 Bf6 19. Bxf6 Qxf6 20. Qe5 Qb6
21. Rac1 Be6 22. Nd4 Bd7 23. Qc7 Qxc7 24. Rxc7 Bc8 25. Re7 b5 26. Rc1 Kg8 27.
Rcc7 Rb8 28. b4 Rb6 29. a3 Rd6 30. h3 Rd5 31. Kh2 Rd6 32. Rc6 Rd5 33. Rec7 Rdd8
34. Rc5 Rfe8 35. Kg1 Be6 36. Nxe6 Rxe6 37. R7c6 Red6 38. Rc8 Rxc8 39. Rxc8+ Kh7
40. Ra8 g5 41. Kh2 Kg6 42. h4 Rc6 43. hxg5 hxg5 44. Kg3 f5 45. Rd8 Kf6 46. Rd3
Ke5 47. f3 f4+ 48. Kg4 Rc2 49. Kh3 Re2 50. e4 Ra2 51. Rd5+ Ke6 52. Rd3 Ke5 53.
Rd5+ 1/2-1/2

[Event "MCR senioru 2019 nad 50 let"]
[Site "Pelclovo divadlo, Rychnov n. K."]
[Date "2019.08.14"]
[Round "5"]
[White "Spinler, Bronislav"]
[Black "Lorencova, Jitka"]
[Result "1/2-1/2"]
[WhiteElo "1451"]
[BlackElo "1368"]
[EventDate "2019.08.10"]
[PlyCount "70"]

1. d4 Nf6 2. e3 d6 3. Bd3 e6 4. Nd2 Bd7 5. Ngf3 Be7 6. O-O Nc6 7. c3 O-O 8. e4
h6 9. Re1 a6 10. Bb1 e5 11. d5 Na7 12. h3 c6 13. c4 cxd5 14. exd5 Re8 15. Qc2
Nc8 16. Ne4 Nxe4 17. Qxe4 f5 18. Qc2 Bf6 19. a4 Ne7 20. Nh2 h5 21. Ra3 e4 22.
Bf4 Bc8 23. f3 Ng6 24. Bc1 Bd4+ 25. Kh1 Qh4 26. Re2 Nf4 27. Bxf4 Qxf4 28. Nf1
e3 29. Qc1 Bd7 30. Nxe3 Re7 31. Qf1 Rae8 32. g3 Qxg3 33. Rg2 Qxh3+ 34. Rh2
Qxf1+ 35. Nxf1 Re1 1-0